Lanean...
The pilgrimage: a contemporary quest for ancient wisdom
| Egile nagusia: | |
|---|---|
| Formatua: | Printed Book |
| Argitaratua: |
London
Harper Collins
2013
|
| Gaiak: |
| LEADER | 00543nam a22001577a 4500 | ||
|---|---|---|---|
| 020 | |a 9788172235390 | ||
| 082 | |a 869.34 |b COE/T | ||
| 100 | |a Coelho,Paulo | ||
| 245 | |a The pilgrimage: a contemporary quest for ancient wisdom | ||
| 260 | |a London |b Harper Collins |c 2013 | ||
| 300 | |a 226p. | ||
| 650 | |a Novel-fiction | ||
| 650 | |a Portuguese literature | ||
| 942 | |c BK | ||
| 999 | |c 38092 |d 38092 | ||
| 952 | |0 0 |1 0 |4 0 |6 869_340000000000000_COET |7 0 |8 Stack |9 40316 |a KUCL |b KUCL |c Stack |d 2016-02-02 |g 350.00 |l 9 |m 4 |o 869.34 COE/T |p 37754 |r 2019-04-10 |s 2019-02-19 |w 2016-02-02 |y BK | ||